Thinking of You - Katy Perry - Statistics

General Stats
  • This quiz has been taken 14 times
  • The average score is 194 of 283
Answer Stats
Answer % Correct
a
100%
are
92%
on
92%
the
92%
cause
83%
do
83%
easily
83%
I
83%
I'm
83%
one
83%
when
83%
you
83%
am
75%
an
75%
Comparisons
75%
done
75%
eyes
75%
him
75%
if
75%
in
75%
of
75%
think
75%
thinking
75%
were
75%
what
75%
where
75%
who
75%
with
75%
would
75%
your
75%
and
67%
best
67%
candy
67%
go?
67%
go
67%
how
67%
into
67%
kissed
67%
looking
67%
my
67%
myself
67%
once
67%
to
67%
was
67%
disgusted
58%
fish
58%
had
58%
hard
58%
he
58%
indian
58%
know
58%
let
58%
like
58%
lips
58%
me
58%
middle
58%
mouth
58%
night
58%
oh
58%
pulled
58%
regret
58%
so
58%
spending
58%
summer
58%
surprise
58%
taste
58%
that
58%
there's
58%
water
58%
waters
58%
will
58%
winter
58%
wish
58%
yes
58%
you're
58%
you've
58%
all
50%
apple
50%
better
50%
burned
50%
center
50%
could
50%
from
50%
get
50%
got
50%
is
50%
I've
50%
learned
50%
lesson's
50%
move
50%
no
50%
now
50%
perfection
50%
picked
50%
ripest
50%
said
50%
seed
50%
should
50%
still
50%
test
50%
tons
50%
touched
50%
tree
50%
away
42%
guess
42%
hanging
42%
I'd
42%
second
42%
stay
42%
door
33%
it
33%
take
33%
mistakes
25%
more
25%
through
25%
bust
17%
won't
17%
walk
8%
No matching quizzes found
Score Distribution
Percent of People with Each Score
Percentile by Number Answered
Your Score History
You have not taken this quiz